000 00323nam a2200145Ia 4500
003 OSt
008 191201s2004 xx 000 0 und d
082 _a658.84
_bPHI
100 _aPHATAK, Arvind
245 0 _aInternational Management
260 _aNew Delhi
_bTMH
_c2004
300 _a579
650 _aMBA
942 _2ddc
_cBK
999 _c4219
_d4219